[Event "Lanaudiere"]
[Site "Repentigny CAN"]
[Date "2008.08.17"]
[Round "5"]
[White "Forget, Luc"]
[Black "Le Duin, Thierry"]
[Result "0-1"]
[WhiteElo "2157"]
[BlackElo "1967"]
[PlyCount "58"]
[GameId "2160767910336689"]
[EventDate "2008.08.15"]
[EventType "swiss"]
[EventRounds "5"]
[EventCountry "CAN"]
[SourceTitle "FQE 04"]

1. d4 Nf6 2. c4 c5 3. d5 b5 4. cxb5 a6 5. bxa6 g6 6. Nc3 Bxa6 7. e4 Bxf1 8. Kxf1 d6 9. g4 Bg7 10. h3 Nbd7 11. Nf3 Nb6 12. Kg2 Qd7 13. Qe2 O-O 14. Bd2 Rfb8 15. b3 Ne8 16. Rae1 Nc7 17. Rhg1 Nc8 18. e5 Nb6 19. e6 fxe6 20. dxe6 Qc6 21. Kf1 Rf8 22. Ng5 Bd4 23. Rg2 Ncd5 24. Nxd5 Nxd5 25. Qd3 Rxa2 26. f3 Qa6 27. Qxa6 Rxa6 28. Rge2 Ra3 29. Rb1 Rb8 0-1

[Event "Lanaudiere"]
[Site "Repentigny CAN"]
[Date "2008.08.17"]
[Round "5"]
[White "Lacroix, Serge"]
[Black "Desjardins, Michel"]
[Result "1/2-1/2"]
[WhiteElo "1848"]
[BlackElo "1928"]
[PlyCount "84"]
[GameId "2160767910336691"]
[EventDate "2008.08.15"]
[EventType "swiss"]
[EventRounds "5"]
[EventCountry "CAN"]
[SourceTitle "FQE 04"]

1. d4 d5 2. c4 c6 3. Nc3 dxc4 4. a4 e5 5. dxe5 Qxd1+ 6. Nxd1 Na6 7. e4 Be6 8. Nf3 Nb4 9. Ne3 Bc5 10. Bd2 Nd3+ 11. Bxd3 cxd3 12. Rc1 Be7 13. Nd4 Rd8 14. Nxe6 fxe6 15. O-O Rd4 16. Rc4 Rd7 17. f4 Nh6 18. Bb4 Bxb4 19. Rxb4 O-O 20. g3 Nf7 21. Rd1 Rfd8 22. Rd2 b6 23. a5 Rd4 24. Rxd4 Rxd4 25. axb6 axb6 26. Nd1 c5 27. Nc3 c4 28. Kf2 Nd8 29. Ke3 Rd7 30. b3 cxb3 31. Rxd3 Rxd3+ 32. Kxd3 Nb7 33. f5 Nc5+ 34. Ke3 Kf7 35. h4 b2 36. g4 h6 37. g5 hxg5 38. hxg5 g6 39. f6 b5 40. Nb1 b4 41. Kd4 Na4 42. Ke3 Nc3 1/2-1/2

[Event "Lanaudiere"]
[Site "Repentigny CAN"]
[Date "2008.08.17"]
[Round "5"]
[White "Ramaswamy, Kiran"]
[Black "Allard, Laurent"]
[Result "1-0"]
[WhiteElo "1801"]
[BlackElo "1784"]
[PlyCount "69"]
[GameId "2160767910336692"]
[EventDate "2008.08.15"]
[EventType "swiss"]
[EventRounds "5"]
[EventCountry "CAN"]
[SourceTitle "FQE 04"]

1. c4 Nf6 2. g3 g6 3. Bg2 Bg7 4. Nc3 O-O 5. d3 d6 6. e4 c5 7. Nge2 Nc6 8. O-O Bd7 9. Be3 Rb8 10. f4 a6 11. Qc1 b5 12. b3 b4 13. Nd1 Ng4 14. Rb1 Nxe3 15. Nxe3 Nd4 16. Qd2 Nxe2+ 17. Qxe2 a5 18. f5 a4 19. g4 axb3 20. axb3 g5 21. Nd5 Bd4+ 22. Kh1 e6 23. fxe6 fxe6 24. Rxf8+ Qxf8 25. Rf1 Qg7 26. Ne3 Rf8 27. Rf3 Ra8 28. Rf1 Ra3 29. Qf3 Rxb3 30. e5 Qe7 31. exd6 Qxd6 32. Qf7+ Kh8 33. Be4 Bg7 34. Qh5 h6 35. Qg6 1-0

[Event "Lanaudiere"]
[Site "Repentigny CAN"]
[Date "2008.08.17"]
[Round "5"]
[White "Sauve, Richard"]
[Black "Ramaswamy, Kishor"]
[Result "0-1"]
[WhiteElo "2040"]
[BlackElo "2185"]
[PlyCount "86"]
[GameId "2160767910336693"]
[EventDate "2008.08.15"]
[EventType "swiss"]
[EventRounds "5"]
[EventCountry "CAN"]
[SourceTitle "FQE 04"]

1. d4 d5 2. c4 e6 3. Nc3 Nf6 4. cxd5 exd5 5. Bg5 Be7 6. e3 c6 7. Bd3 Nbd7 8. Nge2 Nh5 9. Bxe7 Qxe7 10. Qc2 Nb6 11. O-O Nf6 12. Rab1 O-O 13. b4 a6 14. a4 Be6 15. b5 axb5 16. axb5 c5 17. dxc5 Qxc5 18. Ne4 Nxe4 19. Bxe4 Qxc2 20. Bxc2 Rfc8 21. Nd4 Nc4 22. Ra1 g6 23. Rfc1 Kf8 24. h4 Ke7 25. Bd3 Rxa1 26. Rxa1 Kd6 27. Kh2 Bd7 28. Kg3 Kc5 29. Rb1 Ra8 30. Kf4 Ra2 31. Be2 h6 32. g4 Kd6 33. g5 hxg5+ 34. hxg5 Nd2 35. Rh1 Nb3 36. Bg4 Nxd4 37. Bxd7 Ne2+ 38. Kf3 Kxd7 39. Rh7 Ke6 40. Rh8 Nc3 41. Rb8 Nxb5 42. Rxb7 Nd6 43. Rb6 Ke5 0-1

[Event "Lanaudiere U1400"]
[Site "Repentigny CAN"]
[Date "2008.08.15"]
[Round "1"]
[White "Belanger, Gervais"]
[Black "Soskic, Milan"]
[Result "1-0"]
[WhiteElo "1078"]
[BlackElo "1270"]
[PlyCount "124"]
[GameId "2160767910336695"]
[EventDate "2008.08.15"]
[EventType "swiss"]
[EventRounds "5"]
[EventCountry "CAN"]

1. e4 c5 2. Nf3 d6 3. d4 cxd4 4. Nxd4 Nf6 5. Nc3 a6 6. Bg5 g6 7. Qd2 h6 8. Be3 Nc6 9. h3 Bg7 10. f4 Bd7 11. Be2 e6 12. O-O-O O-O 13. Nxc6 Bxc6 14. Bf3 d5 15. exd5 Nxd5 16. Nxd5 Bxd5 17. Bxd5 Qxd5 18. Qxd5 exd5 19. Rxd5 Rad8 20. Rhd1 Rxd5 21. Rxd5 Re8 22. Bd4 Bxd4 23. Rxd4 Re1+ 24. Kd2 Re7 25. c4 Kf8 26. b4 Ke8 27. Kd3 f5 28. Kd2 Kf7 29. h4 h5 30. a4 Kf6 31. c5 Kf7 32. b5 a5 33. c6 bxc6 34. bxc6 Rc7 35. Rc4 Ke6 36. Kc3 Kd5 37. Kd3 Rxc6 38. Rxc6 Kxc6 39. Kc4 Kd6 40. Kb5 Kd5 41. Kxa5 Ke4 42. Kb5 Kxf4 43. a5 Kg3 44. a6 Kxg2 45. a7 Kh3 46. a8=Q Kxh4 47. Qg2 g5 48. Kc4 g4 49. Kd4 Kg5 50. Kd3 h4 51. Ke2 h3 52. Qh2 f4 53. Kf1 Kf5 54. Qc2+ Kg5 55. Qc5+ Kh4 56. Qe5 f3 57. Qf4 Kh5 58. Qg3 Kg5 59. Kf2 Kf5 60. Ke3 Kg5 61. Ke4 Kh5 62. Kf5 f2 1-0

[Event "Lanaudiere U1400"]
[Site "Repentigny CAN"]
[Date "2008.08.15"]
[Round "1"]
[White "Boucher, Romeo"]
[Black "Labine, Daniel"]
[Result "0-1"]
[WhiteElo "867"]
[BlackElo "1252"]
[PlyCount "50"]
[GameId "2160767910336696"]
[EventDate "2008.08.15"]
[EventType "swiss"]
[EventRounds "5"]
[EventCountry "CAN"]
[SourceTitle "FQE 05"]

1. d4 Nf6 2. Nc3 e6 3. Nf3 d5 4. Bg5 c5 5. e3 cxd4 6. Nxd4 a6 7. Be2 Be7 8. O-O O-O 9. f3 Nc6 10. Qe1 Qb6 11. Qg3 Nxd4 12. Bh6 Nf5 13. Qf4 Nxh6 14. Qe5 Nf5 15. Nd1 Bc5 16. Kf2 d4 17. e4 d3+ 18. Ke1 dxe2 19. Kxe2 Qb5+ 20. Ke1 Bf2+ 21. Kxf2 Qxe5 22. Ne3 Nxe3 23. Kxe3 Rd8 24. f4 Qc5+ 25. Kf3 Qxc2 0-1

[Event "Lanaudiere U1400"]
[Site "Repentigny CAN"]
[Date "2008.08.15"]
[Round "1"]
[White "Bourassa, Louis"]
[Black "Ouimet, Olivier"]
[Result "1-0"]
[WhiteElo "1209"]
[BlackElo "1326"]
[PlyCount "53"]
[GameId "2160767910336697"]
[EventDate "2008.08.15"]
[EventType "swiss"]
[EventRounds "5"]
[EventCountry "CAN"]
[SourceTitle "FQE 05"]

1. e4 c5 2. Nf3 d6 3. Bb5+ Bd7 4. Bxd7+ Qxd7 5. O-O Nf6 6. d3 g6 7. c4 Bg7 8. Nc3 Nc6 9. Re1 O-O 10. Bd2 a6 11. a3 Rab8 12. Qc2 b5 13. cxb5 axb5 14. e5 Ng4 15. exd6 exd6 16. Nd5 Nge5 17. Bc3 Rfe8 18. Re3 b4 19. axb4 cxb4 20. Bd2 Nxf3+ 21. Rxf3 Nd4 22. Qd1 Nxf3+ 23. Qxf3 Bxb2 24. Rc1 Re6 25. Rc7 Qa4 26. Qxf7+ Kh8 27. Qxh7# 1-0

[Event "Lanaudiere U1400"]
[Site "Repentigny CAN"]
[Date "2008.08.15"]
[Round "1"]
[White "Desmarais, Marie-Eve"]
[Black "Gao, Christine"]
[Result "1/2-1/2"]
[WhiteElo "1278"]
[BlackElo "1080"]
[PlyCount "92"]
[GameId "2160767910336699"]
[EventDate "2008.08.15"]
[EventType "swiss"]
[EventRounds "5"]
[EventCountry "CAN"]

1. d4 Nf6 2. Nf3 e6 3. Bg5 d5 4. c3 c5 5. e3 Nbd7 6. Bd3 cxd4 7. cxd4 Bb4+ 8. Nbd2 Bxd2+ 9. Qxd2 h6 10. Bh4 Qc7 11. Rc1 Qd6 12. Bg3 Qe7 13. Bh4 Qd6 14. O-O O-O 15. Bb5 Ne4 16. Qe2 Nb6 17. b3 Bd7 18. a4 Bxb5 19. Qxb5 a6 20. Qd3 Rac8 21. Rc2 Rxc2 22. Qxc2 Rc8 23. Qd3 Rc3 24. Qb1 Qc6 25. Rd1 Nd7 26. Be7 Qb6 27. b4 Rc4 28. Rc1 Rxc1+ 29. Qxc1 Qc6 30. Qxc6 bxc6 31. a5 f6 32. Kf1 Kf7 33. Bd8 e5 34. Bb6 Nc3 35. Nd2 exd4 36. Bxd4 Na2 37. Bc5 Nxc5 38. bxc5 Nc3 39. Ke1 Ne4 40. Nxe4 dxe4 41. Kd2 Ke6 42. Kc3 Kd5 43. Kb4 f5 44. g3 g6 45. h3 Ke6 46. Kc4 Ke5 1/2-1/2

[Event "Lanaudiere U1400"]
[Site "Repentigny CAN"]
[Date "2008.08.15"]
[Round "1"]
[White "Laporte, Michel"]
[Black "Boutin, Andre"]
[Result "1-0"]
[WhiteElo "1374"]
[BlackElo "1230"]
[PlyCount "109"]
[GameId "2160767910336701"]
[EventDate "2008.08.15"]
[EventType "swiss"]
[EventRounds "5"]
[EventCountry "CAN"]

1. e4 c5 2. Nf3 Nc6 3. d4 cxd4 4. Nxd4 e6 5. Be3 Nf6 6. Bd3 Bb4+ 7. c3 Be7 8. Nd2 d6 9. N2b3 Nxd4 10. cxd4 O-O 11. Qc2 Ng4 12. Rc1 Nxe3 13. fxe3 Bh4+ 14. Kd2 Bg5 15. Qc7 Qf6 16. Rcf1 Qe7 17. Qxe7 Bxe7 18. Rc1 d5 19. exd5 exd5 20. Rc2 a6 21. Nc5 Re8 22. h4 f5 23. Rf1 g6 24. Be2 Bxh4 25. Nd3 Bg5 26. Ne5 Bf6 27. Rfc1 Bxe5 28. dxe5 Bd7 29. Kd3 Rxe5 30. Bf3 Bc6 31. Rc5 Rae8 32. Kd4 Rxe3 33. Rxc6 bxc6 34. Rxc6 R3e7 35. Rxa6 Rb8 36. Bxd5+ Kg7 37. b3 Rd8 38. Kc5 Re5 39. Rd6 Ra8 40. a4 Ra5+ 41. Kd4 Re1 42. Rd7+ Kh6 43. Bc6 Rb1 44. Kc4 Rc1+ 45. Kb4 Rac5 46. Bf3 Rc8 47. a5 Ra1 48. Kb5 Rc3 49. b4 Rca3 50. Kb6 Rb1 51. b5 Rab3 52. Bc6 g5 53. a6 Ra3 54. a7 Ra6+ 55. Kxa6 1-0

[Event "Lanaudiere U1400"]
[Site "Repentigny CAN"]
[Date "2008.08.15"]
[Round "1"]
[White "Metthe, Sylvain"]
[Black "Gonzalez, Jesus"]
[Result "0-1"]
[WhiteElo "1220"]
[BlackElo "1353"]
[PlyCount "90"]
[GameId "2160767910336702"]
[EventDate "2008.08.15"]
[EventType "swiss"]
[EventRounds "5"]
[EventCountry "CAN"]

1. e4 e6 2. e5 Ne7 3. Nf3 Ng6 4. d3 c5 5. Nc3 Nc6 6. d4 cxd4 7. Nxd4 Ncxe5 8. g3 a6 9. Bg2 Bc5 10. Be3 Ba7 11. Qe2 d5 12. b3 Bd7 13. O-O Rc8 14. Nd1 O-O 15. Nb2 f5 16. f4 Ng4 17. Nd1 Nxe3 18. Qxe3 Rxc2 19. Nc3 Qf6 20. Rfd1 Rc8 21. Rd3 R2xc3 22. Rad1 Bb5 23. Rxc3 Rxc3 24. Qxc3 Ne7 25. Bf1 Nc6 26. Kg2 Bxf1+ 27. Kxf1 Bxd4 28. Qd2 h5 29. Qe2 h4 30. Re1 hxg3 31. hxg3 e5 32. Kg2 e4 33. Qh5 g6 34. Qd1 e3 35. a3 Qe6 36. Qe2 Ba7 37. Qd3 Qe4+ 38. Qxe4 fxe4 39. Kf1 d4 40. Ke2 d3+ 41. Kd1 Na5 42. Rh1 Nxb3 43. Rh2 Bd4 44. g4 Bc3 45. f5 Nd4 0-1

[Event "Lanaudiere U1400"]
[Site "Repentigny CAN"]
[Date "2008.08.15"]
[Round "1"]
[White "Pelosse, Jacques"]
[Black "Veillet, Sylvain"]
[Result "1-0"]
[WhiteElo "1250"]
[BlackElo "1072"]
[PlyCount "29"]
[GameId "2160767910336703"]
[EventDate "2008.08.15"]
[EventType "swiss"]
[EventRounds "5"]
[EventCountry "CAN"]
[SourceTitle "FQE 05"]

1. d4 Nf6 2. Nc3 d5 3. e4 dxe4 4. f3 exf3 5. Nxf3 e6 6. Bg5 Be7 7. Bd3 h6 8. Bxf6 Bxf6 9. Ne2 Nd7 10. O-O O-O 11. Qe1 c5 12. Nf4 cxd4 13. Qe4 g6 14. Nxg6 Nc5 15. Ne7+ 1-0

[Event "Lanaudiere U1400"]
[Site "Repentigny CAN"]
[Date "2008.08.15"]
[Round "1"]
[White "Trottier, Claire"]
[Black "Beauregard, Pascal"]
[Result "0-1"]
[WhiteElo "1230"]
[BlackElo "1378"]
[PlyCount "142"]
[GameId "2160767910336704"]
[EventDate "2008.08.15"]
[EventType "swiss"]
[EventRounds "5"]
[EventCountry "CAN"]

1. e4 c5 2. c3 d5 3. exd5 Qxd5 4. d4 Nc6 5. Nf3 e5 6. Bb5 cxd4 7. Bxc6+ Qxc6 8. Nxe5 Qxg2 9. Qa4+ Ke7 10. Qb4+ Ke6 11. Qc4+ Kxe5 12. Qxd4+ Ke6 13. Qe3+ Kd7 14. Qd4+ Ke8 15. Qe5+ Be7 16. Rf1 Nf6 17. Bf4 Qe4+ 18. Qxe4 Nxe4 19. Nd2 Bf5 20. O-O-O Rd8 21. Nxe4 Rxd1+ 22. Rxd1 Bxe4 23. Re1 Bd5 24. Bd6 Be6 25. Bxe7 Kxe7 26. a3 Rd8 27. Re4 Kf6 28. Rb4 Rd7 29. a4 Bd5 30. Rd4 Bc6 31. Rc4 a6 32. a5 Rd5 33. b4 Rf5 34. Rh4 Rxf2 35. Rxh7 g5 36. Rh8 Kf5 37. h3 Kf4 38. Rd8 Kg3 39. Rg8 f6 40. Rh8 f5 41. Rg8 Kf4 42. Rd8 Rh2 43. Rd3 Be4 44. Rd4 Rc2+ 45. Kd1 Rxc3 46. Ke2 Rxh3 47. Kd2 Rd3+ 48. Rxd3 Bxd3 49. Kxd3 Kf3 50. Kc4 g4 51. Kc5 g3 52. Kb6 g2 53. Kxb7 g1=Q 54. Kxa6 Qg6+ 55. Kb7 Qf7+ 56. Kb6 Qe6+ 57. Kb5 Qd7+ 58. Kb6 Qd6+ 59. Kb5 Ke4 60. a6 Kd5 61. a7 Qc6+ 62. Ka5 Qb7 63. b5 Qxa7+ 64. Kb4 Qb6 65. Kc3 Qxb5 66. Kd2 Kd4 67. Kc2 Qd3+ 68. Kb2 Qc3+ 69. Kb1 Qd2 70. Ka1 Kc3 71. Kb1 Qb2# 0-1

[Event "Lanaudiere U1400"]
[Site "Repentigny CAN"]
[Date "2008.08.16"]
[Round "2"]
[White "Beauregard, Pascal"]
[Black "Pelosse, Jacques"]
[Result "1-0"]
[WhiteElo "1378"]
[BlackElo "1250"]
[PlyCount "91"]
[GameId "2160767910336705"]
[EventDate "2008.08.15"]
[EventType "swiss"]
[EventRounds "5"]
[EventCountry "CAN"]
[SourceTitle "FQE 05"]

1. e4 e6 2. d4 d5 3. Nd2 Nf6 4. e5 Nfd7 5. Qg4 f6 6. Qxe6+ Qe7 7. Qxe7+ Bxe7 8. f4 O-O 9. Ngf3 Nc6 10. c3 Nd8 11. Bd3 Ne6 12. Nf1 fxe5 13. fxe5 Nf4 14. Bxf4 Rxf4 15. Ne3 c6 16. O-O Nf8 17. h3 Be6 18. Kh2 Nd7 19. Rf2 Raf8 20. Raf1 Bg5 21. Bxh7+ Kh8 22. Nd1 Rxf3 23. Rxf3 Rxf3 24. Rxf3 Kxh7 25. Ne3 Bxe3 26. Rxe3 Nb6 27. b3 Nc8 28. Kg3 Ne7 29. Rf3 Kg8 30. Kh4 a5 31. a3 b5 32. b4 a4 33. g4 Ng6+ 34. Kg5 Nf8 35. h4 Nh7+ 36. Kf4 g6 37. g5 Nf8 38. Kg3 Bf5 39. Rxf5 gxf5 40. Kf4 Ng6+ 41. Kxf5 Nxh4+ 42. Kf6 Kh7 43. e6 Ng6 44. e7 Nxe7 45. Kxe7 Kg6 46. Kd6 1-0

[Event "Lanaudiere U1400"]
[Site "Repentigny CAN"]
[Date "2008.08.16"]
[Round "2"]
[White "Blais, Vincent"]
[Black "Laporte, Michel"]
[Result "0-1"]
[WhiteElo "1234"]
[BlackElo "1374"]
[PlyCount "68"]
[GameId "2160767910336706"]
[EventDate "2008.08.15"]
[EventType "swiss"]
[EventRounds "5"]
[EventCountry "CAN"]
[SourceTitle "FQE 05"]

1. e4 c5 2. Nf3 Nc6 3. Be2 d6 4. Nc3 Nf6 5. O-O g6 6. d3 Bg7 7. Nd5 O-O 8. h4 Ng4 9. Ng5 h5 10. c3 f6 11. Nh3 Nge5 12. Nhf4 e6 13. Ne3 f5 14. Qb3 Na5 15. Qd1 Qxh4 16. d4 Qxf4 17. Nc4 Qxe4 18. dxe5 Nxc4 19. Bxc4 Qxc4 20. exd6 b6 21. Re1 Bb7 22. f3 Qd5 23. Bg5 Qxd1 24. Raxd1 Bf6 25. Bf4 g5 26. Be5 Bxe5 27. Rxe5 Bd5 28. b3 c4 29. Rexd5 exd5 30. Rxd5 cxb3 31. axb3 Rad8 32. g4 hxg4 33. fxg4 Rf6 34. gxf5 Rdxd6 0-1

[Event "Lanaudiere U1400"]
[Site "Repentigny CAN"]
[Date "2008.08.16"]
[Round "2"]
[White "Breton, Jules"]
[Black "Metthe, Sylvain"]
[Result "1-0"]
[WhiteElo "1301"]
[BlackElo "1220"]
[PlyCount "121"]
[GameId "2160767910336708"]
[EventDate "2008.08.15"]
[EventType "swiss"]
[EventRounds "5"]
[EventCountry "CAN"]

1. d4 e6 2. e4 d5 3. e5 g6 4. Nf3 Bh6 5. Bd3 Nd7 6. O-O c5 7. c3 c4 8. Bc2 Nb6 9. b3 Bd7 10. Ba3 Ne7 11. Nbd2 Bb5 12. Re1 O-O 13. Bd6 Re8 14. a4 cxb3 15. Bxb3 Ba6 16. h4 Nf5 17. Ba3 Nxh4 18. Nxh4 Qxh4 19. Qf3 Bxd2 20. Red1 Bh6 21. Bc5 Nc4 22. a5 Nd2 23. Rxd2 Bxd2 24. Bc2 Bh6 25. Bd3 Qg5 26. g3 Qd2 27. Bxa6 bxa6 28. Rd1 Qg5 29. Qe2 Qd8 30. Qxa6 Qd7 31. Bb4 Qa4 32. Qd3 Bf8 33. Rb1 Bxb4 34. cxb4 Rec8 35. Kg2 Qa2 36. Rh1 Qc4 37. Qd2 Qc2 38. Qh6 Qe4+ 39. Kg1 Qxd4 40. Qxh7+ Kf8 41. Qh8+ Ke7 42. Qf6+ Kd7 43. Qxf7+ Kc6 44. Rh7 Kb5 45. Qd7+ Kxb4 46. Rh4 Qxh4 47. gxh4 Kxa5 48. Qxe6 Rab8 49. Qxd5+ Rb5 50. Qa2+ Kb6 51. e6 Rh8 52. Qc4 a5 53. Qd4+ Rc5 54. Qxh8 a4 55. e7 Rc1+ 56. Kg2 Re1 57. Qd8+ Kb5 58. e8=Q+ Rxe8 59. Qxe8+ Kb4 60. Qb8+ Ka5 61. Qb2 1-0

[Event "Lanaudiere U1400"]
[Site "Repentigny CAN"]
[Date "2008.08.16"]
[Round "2"]
[White "Cvetkovic, Simeon"]
[Black "Belanger, Gervais"]
[Result "1-0"]
[WhiteElo "1264"]
[BlackElo "1078"]
[PlyCount "47"]
[GameId "2160767910336709"]
[EventDate "2008.08.15"]
[EventType "swiss"]
[EventRounds "5"]
[EventCountry "CAN"]
[SourceTitle "FQE 05"]

1. e4 e5 2. Nf3 Nf6 3. Nxe5 d6 4. Nf3 Nxe4 5. d4 d5 6. c4 c6 7. Nc3 Bb4 8. Bd2 Bg4 9. Be2 Qf6 10. cxd5 Nxd2 11. Qxd2 O-O 12. O-O cxd5 13. Rfe1 Nc6 14. Rad1 h6 15. Ne5 Be6 16. Bf3 Rfe8 17. a3 Bd6 18. Bxd5 Nxe5 19. dxe5 Bxe5 20. Bxe6 Rxe6 21. Re3 Rae8 22. g3 Rd6 23. Ne4 Rxd2 24. Nxf6+ 1-0

[Event "Lanaudiere U1400"]
[Site "Repentigny CAN"]
[Date "2008.08.16"]
[Round "2"]
[White "Ironman, Jules"]
[Black "Poulin, Richard"]
[Result "1-0"]
[WhiteElo "1117"]
[BlackElo "1261"]
[PlyCount "88"]
[GameId "2160767910336710"]
[EventDate "2008.08.15"]
[EventType "swiss"]
[EventRounds "5"]
[EventCountry "CAN"]

1. e4 e5 2. Nf3 Nf6 3. d3 Nc6 4. Bg5 Be7 5. Nbd2 d5 6. exd5 Qxd5 7. h3 Be6 8. Be2 O-O 9. O-O Rfe8 10. Be3 Nd4 11. Ng5 Nxe2+ 12. Qxe2 Bf5 13. Ngf3 e4 14. dxe4 Nxe4 15. Nxe4 Bxe4 16. Rfd1 Qc6 17. c3 Rad8 18. Nd4 Qg6 19. Qg4 Qxg4 20. hxg4 a6 21. f3 Bg6 22. Bf2 c5 23. Ne2 Rxd1+ 24. Rxd1 c4 25. Rd7 Bd3 26. Nf4 b5 27. Nxd3 cxd3 28. Rxd3 Rd8 29. Rxd8+ Bxd8 30. Bc5 Bg5 31. Kf2 Bc1 32. b3 f6 33. Ke2 Kf7 34. Kd3 Bf4 35. Ke4 Be5 36. Bd4 Ke6 37. Bxe5 fxe5 38. c4 bxc4 39. bxc4 Kd6 40. c5+ Kxc5 41. Kxe5 Kb4 42. f4 Ka3 43. f5 Kxa2 44. g5 Kb3 1-0

[Event "Lanaudiere U1400"]
[Site "Repentigny CAN"]
[Date "2008.08.16"]
[Round "2"]
[White "Labine, Daniel"]
[Black "Bilodeau-Savaria, Cendrina"]
[Result "1/2-1/2"]
[WhiteElo "1252"]
[BlackElo "1153"]
[PlyCount "123"]
[GameId "2160767910336711"]
[EventDate "2008.08.15"]
[EventType "swiss"]
[EventRounds "5"]
[EventCountry "CAN"]

1. e4 c5 2. Nf3 d6 3. d4 cxd4 4. Nxd4 e5 5. Nf3 Nf6 6. Nc3 Nc6 7. Bg5 h6 8. Bh4 Be7 9. Qd2 a6 10. Be2 O-O 11. O-O-O Ne8 12. Bxe7 Qxe7 13. Nd5 Qd8 14. h4 Bg4 15. Ne1 Bxe2 16. Qxe2 Qa5 17. a3 Nd4 18. Qd3 Qd8 19. Nf3 Nxf3 20. Qxf3 Rc8 21. h5 Qg5+ 22. Kb1 Qd8 23. g4 Qg5 24. Rd3 Kh8 25. Qe2 Nf6 26. Nxf6 Qxf6 27. Rg3 Qg5 28. Re3 Rfd8 29. Rf3 Qxg4 30. Qd1 f6 31. Rg1 Qxh5 32. Rxg7 b5 33. Rg1 Rf8 34. Rh1 Qg4 35. Rxh6+ Kg7 36. Rg3 Qxg3 37. fxg3 Kxh6 38. Qxd6 Ra8 39. b3 Kg6 40. Qe6 Rfd8 41. Qg4+ Kf7 42. Qh5+ Ke6 43. Qe2 Rg8 44. g4 Rg5 45. Qd1 Rgg8 46. Qd5+ Ke7 47. Qd1 Rad8 48. Qe2 Ra8 49. Kb2 Rgd8 50. c4 bxc4 51. bxc4 Rdc8 52. Kc3 Rc6 53. Qd3 Rac8 54. Qd5 Rxc4+ 55. Qxc4 Rxc4+ 56. Kxc4 Kd6 57. Kb4 Kc6 58. Ka5 Kb7 59. a4 Ka7 60. Kb4 Kb6 61. a5+ Kc6 62. Kc4 1/2-1/2

[Event "Lanaudiere U1400"]
[Site "Repentigny CAN"]
[Date "2008.08.16"]
[Round "2"]
[White "Luo, Alan"]
[Black "Desmarais, Marie-Eve"]
[Result "1-0"]
[WhiteElo "1215"]
[BlackElo "1278"]
[PlyCount "82"]
[GameId "2160767910336712"]
[EventDate "2008.08.15"]
[EventType "swiss"]
[EventRounds "5"]
[EventCountry "CAN"]

1. e4 d5 2. exd5 Nf6 3. Nc3 Nxd5 4. Bc4 c6 5. Nf3 Nxc3 6. dxc3 Qxd1+ 7. Kxd1 Bg4 8. Be2 e6 9. Be3 Nd7 10. Ke1 Bf5 11. Nd4 Bg6 12. Rd1 c5 13. Nb5 Rd8 14. Nc7+ Ke7 15. Bg5+ Nf6 16. Rxd8 Kxd8 17. Nb5 a6 18. Na3 Bd6 19. Nc4 Ke7 20. Kd2 h6 21. Nxd6 Kxd6 22. Be3 Ne4+ 23. Kc1 Rd8 24. f3 Nf6 25. Rd1+ Ke7 26. Bxc5+ Ke8 27. Rxd8+ Kxd8 28. Bd3 Bxd3 29. cxd3 Kd7 30. Bd4 Ne8 31. Kd2 f6 32. Ke3 Kc6 33. Ke4 Nd6+ 34. Ke3 b6 35. Kd2 Kd5 36. Bxb6 Ke5 37. Bc7 Kd5 38. Bxd6 Kxd6 39. Ke3 e5 40. f4 exf4+ 41. Kxf4 Ke6 1-0

[Event "Lanaudiere U1400"]
[Site "Repentigny CAN"]
[Date "2008.08.16"]
[Round "2"]
[White "Soskic, Milan"]
[Black "Boucher, Romeo"]
[Result "1-0"]
[WhiteElo "1270"]
[BlackElo "867"]
[PlyCount "37"]
[GameId "2160767910336713"]
[EventDate "2008.08.15"]
[EventType "swiss"]
[EventRounds "5"]
[EventCountry "CAN"]
[SourceTitle "FQE 05"]

1. d4 Nf6 2. Nf3 d6 3. e3 c6 4. Bd3 Nbd7 5. Nbd2 d5 6. b3 Nb6 7. Bb2 h6 8. Qe2 Bg4 9. h3 Bh5 10. g4 Bg6 11. Bxg6 fxg6 12. Ne5 e6 13. Qd3 Bb4 14. Qxg6+ Ke7 15. Qxg7+ Kd6 16. Nf7+ Kc7 17. Nxd8+ Kxd8 18. Qxh8+ Kd7 19. Qxf6 1-0

[Event "Lanaudiere U1400"]
[Site "Repentigny CAN"]
[Date "2008.08.16"]
[Round "3"]
[White "Belander, Gervais"]
[Black "Desmarais, Marie-Eve"]
[Result "0-1"]
[WhiteElo "1078"]
[BlackElo "1278"]
[PlyCount "132"]
[GameId "2160767910336715"]
[EventDate "2008.08.15"]
[EventType "swiss"]
[EventRounds "5"]
[EventCountry "CAN"]

1. e4 d5 2. e5 Bf5 3. d4 e6 4. Nf3 c5 5. c4 Nc6 6. cxd5 Qxd5 7. Nc3 Qd8 8. Bb5 cxd4 9. Nxd4 Nge7 10. O-O a6 11. Nxc6 Nxc6 12. Bxc6+ bxc6 13. Qa4 Qc7 14. Bf4 Be7 15. Ne4 O-O 16. Bg5 Qxe5 17. Bxe7 Rfe8 18. Bd6 Qxe4 19. Qxe4 Bxe4 20. Rfe1 Bd5 21. a3 Rad8 22. Bc5 a5 23. Bd4 Bxg2 24. Bc3 Bd5 25. h3 Rd7 26. Rad1 Rb8 27. Rd4 Ra8 28. Rg4 g6 29. h4 h5 30. Rg5 a4 31. Kh2 Bf3 32. Re3 Bg4 33. f3 Bf5 34. Re1 Rad8 35. Reg1 Rd3 36. Rxh5 Kf8 37. Rh8+ Ke7 38. Bb4+ Kd7 39. Rh7 Rxf3 40. Rxf7+ Kc8 41. Rc1 Be4 42. Re7 Rh8 43. Be1 g5 44. Ra7 Rh6 45. Rxa4 Rf4 46. Kg3 Rhxh4 47. Ra8+ Kb7 48. Rg8 Rf3+ 49. Kg2 Rf8+ 50. Kg3 Rxg8 51. b4 Rf8 52. Rc3 Bf5 53. Bd2 Rh3+ 54. Kg2 Rxc3 55. Bxc3 Kb6 56. a4 Re8 57. a5+ Kb5 58. Kf3 e5 59. Bd2 g4+ 60. Kg3 e4 61. Kf4 Rf8 62. Be1 Rf7 63. Bd2 Bd7+ 64. Kxe4 g3 65. Be3 Bc8 66. Kd4 Kxb4 0-1

[Event "Lanaudiere U1400"]
[Site "Repentigny CAN"]
[Date "2008.08.16"]
[Round "3"]
[White "Bilodeau Savaria, Cendrina"]
[Black "Luo, Alan"]
[Result "0-1"]
[WhiteElo "976"]
[BlackElo "1240"]
[PlyCount "66"]
[GameId "2160767910336716"]
[EventDate "2008.08.15"]
[EventType "swiss"]
[EventRounds "5"]
[EventCountry "CAN"]
[SourceTitle "EXT 2011"]
[Source "ChessBase"]
[SourceDate "2011.11.26"]
[SourceVersion "1"]
[SourceVersionDate "2011.11.26"]
[SourceQuality "1"]

1. d4 d5 2. c4 e6 3. Nc3 Nf6 4. Bg5 Be7 5. Nf3 b6 6. e3 Bb7 7. Bd3 Nbd7 8. O-O O-O 9. Qc2 c5 10. Bxf6 Nxf6 11. Rfd1 Rc8 12. Ne5 Qc7 13. b3 Rfd8 14. Rac1 Qb8 15. h3 Qa8 16. f3 Qb8 17. Qb2 Bd6 18. f4 cxd4 19. exd4 Nh5 20. Qf2 f6 21. Be2 Nxf4 22. Nf3 Nxe2+ 23. Nxe2 e5 24. dxe5 Bc5 25. Ned4 fxe5 26. Nxe5 Qxe5 27. Kh1 dxc4 28. bxc4 Rxd4 29. Qc2 Bd6 30. Kg1 Qh2+ 31. Kf1 Rf8+ 32. Ke1 Qg1+ 33. Ke2 Qf2# 0-1

[Event "Lanaudiere U1400"]
[Site "Repentigny CAN"]
[Date "2008.08.16"]
[Round "3"]
[White "Bourassa, Louis"]
[Black "Breton, Jules"]
[Result "1-0"]
[WhiteElo "1209"]
[BlackElo "1301"]
[PlyCount "57"]
[GameId "2160767910336717"]
[EventDate "2008.08.15"]
[EventType "swiss"]
[EventRounds "5"]
[EventCountry "CAN"]
[SourceTitle "FQE 05"]

1. e4 c5 2. Nf3 e6 3. d4 cxd4 4. c3 dxc3 5. Nxc3 a6 6. Bc4 Nc6 7. Bf4 d6 8. Qe2 Bd7 9. O-O e5 10. Be3 h6 11. Nd5 Rb8 12. Bb6 Qc8 13. Nc7+ Ke7 14. Nd5+ Ke8 15. Rac1 Nf6 16. Nxf6+ gxf6 17. Rfd1 Be7 18. Bd5 Kf8 19. Nh4 f5 20. Qh5 Qe8 21. Nxf5 Be6 22. Be3 Bxf5 23. Bxh6+ Kg8 24. exf5 Bf6 25. Rd3 Rxh6 26. Qxh6 Bg7 27. Rg3 Qf8 28. f6 Nd4 29. Rxg7+ 1-0